Central Library OPAC University of Rajshahi

The correspondence of James Boswell and John Johnston of Grange / (Record no. 23334)

MARC details
000 -LEADER
fixed length control field 01181nam a22003251 4500
001 - CONTROL NUMBER
control field 23334
003 - CONTROL NUMBER IDENTIFIER
rucl marc code BD-RjUL
005 - DATE AND TIME OF LATEST TRANSACTION
control field 20211209000922.0
008 - FIXED-LENGTH DATA ELEMENTS--GENERAL INFORMATION
fixed length control field 140310s1966 enk 001 0aeng
035 ## - SYSTEM CONTROL NUMBER
System control number (BD-RjUL)23399
040 ## - CATALOGING SOURCE
Original cataloging agency DLC
Transcribing agency DLC
Modifying agency BD-RjUL
Language of cataloging eng
041 ## - LANGUAGE CODE
Language code of text/sound track or separate title eng
082 00 - DEWEY DECIMAL CLASSIFICATION NUMBER
Classification number 828.609
Edition number 19
Author mark and year BOC 1966
100 1# - MAIN ENTRY--PERSONAL NAME
Personal name Boswell, James
Dates associated with a name 1740-1795.
9 (RLIN) 61877
245 14 - TITLE STATEMENT
Title The correspondence of James Boswell and John Johnston of Grange /
Statement of responsibility, etc. James Boswell, edited by Ralph S. Walker.
260 ## - PUBLICATION, DISTRIBUTION, ETC. (IMPRINT)
Place of publication, distribution, etc. London :
Name of publisher, distributor, etc. Heinemann,
Date of publication, distribution, etc. c1966.
300 ## - PHYSICAL DESCRIPTION
Pagination xlix, 369 p. ;
Size 23 cm.
490 ## - SERIES STATEMENT
Series statement Boswell's correspondence ;
Volume/sequential designation v. 1
Series statement The Yale editions of the private papers of James Boswell--research edition
504 ## - BIBLIOGRAPHY, ETC. NOTE
Bibliography, etc Includes index.
600 10 - SUBJECT ADDED ENTRY--PERSONAL NAME
Personal name Boswell, James
Dates associated with a name 1740-1795
Personal name Johnston, John,
Dates associated with a name 1729?-1786
650 #0 - SUBJECT ADDED ENTRY--TOPICAL TERM
Topical term or geographic name as entry element Authors, Scottish
Chronological subdivision 18th century
Form subdivision Correspondence.
9 (RLIN) 71883
Topical term or geographic name as entry element Biographers
Geographic subdivision Great Britain
Form subdivision Correspondence.
9 (RLIN) 71884
700 1# - ADDED ENTRY--PERSONAL NAME
Personal name Johnston, John
Dates associated with a name 1729?-1786.
Personal name Walker, Ralph S.
Fuller form of name (Ralph Spence),
Dates associated with a name 1904-
942 ## - ADDED ENTRY ELEMENTS (KOHA)
Source of classification or shelving scheme Dewey Decimal Classification
Koha item type Books
Holdings
Lost status Source of classification or shelving scheme Damaged status Not for loan Collection code Permanent Location Current Location Shelving location Date acquired Source of acquisition Cost, normal purchase price Total Checkouts Full call number Date last seen Copy number Koha item type
  Dewey Decimal Classification   Added to bundle Non-fiction Central Library, University of Rajshahi Central Library, University of Rajshahi Reading Room 16/12/1969 Zetlinger 126.00   828.609 BOC 1966 10/03/2014 C-1 Books